=LDR 00000nam 2200000 4500 =001 INLIS000000000012331 =005 20130612103850 =008 ***********************************Ind** =035 ##$$0010-061300000012331 =041 ##$$a Ind =082 ##$$a 658.409 =090 ##$$a 658.409, Rat a =100 ##$$a Rothery, Brian =245 ##$$a Analisis ISO 9000, Brian Rothery ; Penerjemah Nunuk Adiarni =260 ##$$a 1993 $b Jakarta =300 ##$$a x, 182 hlm, Ilus, 22 cm =650 ##$$a Manajemen, Eksekutif =700 ##$$a Adiarni, Nunuk =850 ##$$a NBPNMAT